| 000 | 00971cam a22002054a 4500 | ||
|---|---|---|---|
| 005 | 20250605164127.0 | ||
| 008 | 250528s ||||||||||||||||||||||||d | ||
| 035 | _a18505 | ||
| 020 | _a201034336 | ||
| 040 |
_aGR-AtMCL _bgre _dGR-AtMCL _eAACR2 |
||
| 245 | 1 | _aAlgebra / The Language of Mathematics | |
| 260 |
_bAddison-Wesley, _c1975 |
||
| 300 | _a586 | ||
| 520 | _aIntroduction to Algebraic Expressions and Equations, Introduction to the Axioms of Algebra, Introduction to Solving Equations and Inequalities, Introduction to Graphing and Real Numbers, Solving Linear Equations and Inequalities, Graphing Linear Equations and Inequalities, Systems of Linear Equations and Inequalities, Polynomials, Dividing and Factoring Polynomials, Rational Expressions, Relations and Functions, Roots, Quadratic Equations, Index, Selected Answers. | ||
| 700 | 1 |
_aJohnson Cheryl G _94770 |
|
| 700 | 1 |
_aJohnson Richard E _94771 |
|
| 942 | _cBK | ||
| 999 |
_c3863 _d3863 |
||